000 00431nam a2200181Ia 4500
005 20250603144918.0
008 250603s9999 xx 000 0 und d
020 _a9789789044863
050 _aKP 114 .O9/
100 _aOgbuanya, N.C.S.
245 0 _aEssentials of corporate law practice in Nigeria
260 _aLagos
260 _bNovena Pub. Ltd.
260 _c2013
300 _a708 p
650 _aLagos
942 _cBK
999 _c40317
_d40317